Auditing and assurance services : (Record no. 2660)

MARC details
000 -LEADER
fixed length control field 00674nam a22002177a 4500
003 - CONTROL NUMBER IDENTIFIER
control field OSt
005 - DATE AND TIME OF LATEST TRANSACTION
control field 20260512150353.0
008 - FIXED-LENGTH DATA ELEMENTS--GENERAL INFORMATION
fixed length control field 160506t2024 my ||||| |||| 00| 0 eng d
020 ## - INTERNATIONAL STANDARD BOOK NUMBER
International Standard Book Number 9781292448985
040 ## - CATALOGING SOURCE
Original cataloging agency MILA Library
Language of cataloging eng
Transcribing agency MILA Library
Modifying agency MILa_ain
050 00 - LIBRARY OF CONGRESS CALL NUMBER
Classification number HF5667
Item number .A69 2024
100 1# - MAIN ENTRY--PERSONAL NAME
Personal name Arens, Alvin A.
245 10 - TITLE STATEMENT
Title Auditing and assurance services :
Remainder of title an integrated approach /
Statement of responsibility, etc. Alvin A. Arens, Randal J. Elder, Mark S. Beasley, Chris E. Hogan.
250 ## - EDITION STATEMENT
Edition statement 18th ed.
260 #1 - PUBLICATION, DISTRIBUTION, ETC.
Place of publication, distribution, etc. Boston :
Name of publisher, distributor, etc. Pearson,
Date of publication, distribution, etc. 2024.
300 ## - PHYSICAL DESCRIPTION
Extent 896 p.;
Other physical details ill:
Dimensions 28 cm
500 ## - GENERAL NOTE
General note Includes index.
700 1# - ADDED ENTRY--PERSONAL NAME
Personal name Elder, Randal J.
700 1# - ADDED ENTRY--PERSONAL NAME
Personal name Beasley, Mark S.
942 ## - ADDED ENTRY ELEMENTS (KOHA)
Source of classification or shelving scheme Library of Congress Classification
Koha item type Book
Holdings
Withdrawn status Lost status Source of classification or shelving scheme Damaged status Not for loan Home library Current library Shelving location Date acquired Source of acquisition Cost, normal purchase price Total Checkouts Full call number Barcode Date last seen Cost, replacement price Price effective from Koha item type
    Library of Congress Classification     MILA University Central Library MILA University Central Library General Stacks 12/05/2026 Emo Book Services Sdn Bhd 244.72   HF5667 .A69 2024 0003621 12/05/2026 244.72 12/05/2026 Book
   
  Powered by CD Solutions Sdn Bhd